The Geography of Travel and Tourism / Second Edition (Record no. 2634)
[ view plain ]
| 000 -LEADER | |
|---|---|
| fixed length control field | 01687cam a22002174a 4500 |
| 005 - ΗΜΕΡΟΜΗΝΙΑ ΚΑΙ ΩΡΑ ΤΕΛΕΥΤΑΙΑΣ ΕΝΗΜΕΡΩΣΗΣ | |
| Πεδίο ελέγχου | 20250829130442.0 |
| 008 - FIXED-LENGTH DATA ELEMENTS--GENERAL INFORMATION | |
| Πεδίο ελέγχου σταθερού μήκους | 250528s ||||||||||||||||||||||||d |
| 035 ## - SYSTEM CONTROL NUMBER | |
| System control number | 17200 |
| 020 ## - ISBN | |
| ISBN | 750616709 |
| 040 ## - ΠΗΓΗ ΚΑΤΑΛΟΓΟΓΡΑΦΗΣΗΣ | |
| Φορέας πρωτότυπης καταλογογράφησης | MC Athens Campus Library |
| Γλώσσα καταλογογράφησης | Ελληνικά, Μοντέρνα (1453-) |
| Modifying agency | MC Athens Campus Library |
| Κανόνες περιγραφικής καταλογογράφησης | AACR2 |
| 245 1# - ΤΙΤΛΟΣ ΚΑΙ ΔΗΛΩΣΗ ΥΠΕΥΘΥΝΟΤΗΤΑΣ | |
| Τίτλος | The Geography of Travel and Tourism / Second Edition |
| 250 ## - EDITION STATEMENT | |
| Edition statement | 2nd |
| 260 ## - PUBLICATION, DISTRIBUTION, ETC. | |
| Name of publisher, distributor, etc. | Butterworth Heinemann, |
| Date of publication, distribution, etc. | 1994 |
| 300 ## - PHYSICAL DESCRIPTION | |
| Extent | 276 |
| 520 ## - SUMMARY, ETC. | |
| Summary, etc. | A comprehensive examination of the basic principles underlying the geography of tourist demand, supply and transportation, together with a broad survey of world tourism generating and destination regions. Preface, An Introduction to the Geography of Tourism, The Geography of Demand for Tourism, The Geography of Resources for Tourism, Climate and Tourism, The Elements of Transport for Tourism, World Patterns of Tourism Flows, An Introduction to the Tourism Geography of Europe, The Demand for and Supply of Tourism in the British Isles, The Tourism Resources of the British Isles: England and the Channel Islands, The Tourist Resources of the British Isles: Scotland and Wales and the Isle of Man, The Tourist Resources of the British Isles: Eire and Northern Ireland, Central Europe: Austria and Switzerland and Germany, The Benelux Countries, France, The Iberian Peninsula, Italy and Malta and Greece, Africa, The Levant and the Middle East, Asia, Australasia, North America, Latin America and the Caribbean, The Future Geography of Travel and Tourism: Trends and Issues, Appendices, Selected Bibliography, Place Name and Subject Index. |
| 700 1# - ΠΡΟΣΘΕΤΗ ΑΝΑΓΡΑΦΗ--ΦΥΣΙΚΟ ΠΡΟΣΩΠΟ | |
| Personal name | Boniface G. Brian |
| 9 (RLIN) | 3361 |
| 700 1# - ΠΡΟΣΘΕΤΗ ΑΝΑΓΡΑΦΗ--ΦΥΣΙΚΟ ΠΡΟΣΩΠΟ | |
| Personal name | Cooper, Chris |
| 9 (RLIN) | 3362 |
| 942 ## - ADDED ENTRY ELEMENTS (KOHA) | |
| Koha item type | Books |
| Τύπος τεκμηρίου | Βιβλιοθήκη | Τρέχουσα τοποθεσία | Barcode | Αριθμός εισαγωγής | Ημερομηνία απόκτησης | Ταξιθετικό σύμβολο | Αριθμός αντιτύπου | Κατάσταση απόσυρσης | Κατάσταση χαμένου | Κατάσταση κατεστραμμένου | Μη δανεισμός | Σύνολο δανεισμών | Ημερομηνία τελευταίας εμφάνισης | Η τιμή ισχύει από |
|---|---|---|---|---|---|---|---|---|---|---|---|---|---|---|
| Books | MC Athens Campus Library | MC Athens Campus Library | 9780000026330 | 8600 | 05/06/2025 | 338.4791 BON | 1 | 05/06/2025 | 05/06/2025 |